Ilham in Gujarati (Record no. 5968)

MARC details
000 -LEADER
fixed length control field 00533nam a2200229 a 4500
020 ## - INTERNATIONAL STANDARD BOOK NUMBER
ISBN
082 00 - DEWEY DECIMAL CLASSIFICATION NUMBER
Classification number 220.13
Author Cutter GAI1
100 ## - MAIN ENTRY--AUTHOR NAME
Author name Gairdner, W H T
245 ## - TITLE STATEMENT
Title Ilham in Gujarati
260 ## - PUBLICATION, DISTRIBUTION, ETC. (IMPRINT)
Place of publication Badaun
Name of publisher No Publisher
Year of publication 1937
300 ## - PHYSICAL DESCRIPTION
Number of Pages 48p
500 ## - GENERAL NOTE
General note includes index and biblioraphy
650 ## - SUBJECT ADDED ENTRY--TOPICAL TERM
Topical Term Inspiration
942 ## - ADDED ENTRY ELEMENTS (KOHA)
Koha item type
700 1# -
-- Gairdner, W H T
Holdings
Home library Current library Date acquired Cost, normal purchase price Full call number Accession Number Koha item type
Henry Martyn Institute Library Henry Martyn Institute Library 04/18/2008 10.00 220.13 GAI1 6418 Archive Book
                   Copyright © 2026 | Henry Martyn Institute | Hyderabad | TS-500052 | INDIA | Implemented by hmi.edu.in
Hit-Count:

Powered by Koha